000 00336nas a22001337a 4500
005 20130506152112.0
008 130506b xxu||||| |||| 00| 0 eng d
082 _2050
245 _aChildren's World
260 _aNew Delhi
_bChildren's Book Trust
300 _a47p
310 _amonthly
942 _2ddc
_cSR
_h050
_s1
999 _c75143
_d75143